[Event "HUN-chT2 Breyer 1516"]
[Site "Hungary"]
[Date "2016.04.17"]
[Round "11.5"]
[White "Draga, Balazs"]
[Black "Pal, Mihaly"]
[Result "1/2-1/2"]
[WhiteElo "1957"]
[BlackElo "2079"]
[PlyCount "46"]
[EventDate "2015.09.13"]
[EventType "team-tourn"]
[EventRounds "11"]
[EventCountry "HUN"]
[SourceTitle "EXT 2017"]
[Source "ChessBase"]
[SourceDate "2016.10.25"]
[SourceVersion "1"]
[SourceVersionDate "2016.10.25"]
[SourceQuality "1"]
[WhiteTeam "Sarkany DSE"]
[BlackTeam "Nyergesujfalu"]
[WhiteTeamCountry "HUN"]
[BlackTeamCountry "HUN"]

1. Nf3 c5 2. g3 d5 3. Bg2 Nc6 4. b3 e5 5. d3 f5 6. 0-0 Nf6 7. Bb2 Bd6 8. Nfd2 0-0 9. e4 fxe4 10. dxe4 d4 11. a4 Bg4 12. f3 Bh5 13. Na3 a6 14. Qe2 Qe7 15. Rae1 Rae8 16. Ndc4 Bc7 17. Bc1 Nd7 18. Nb2 Rf7 19. Nd3 Ref8 20. Rf2 Nd8 21. Ref1 Ne6 22. Qe1 g5 23. Bd2 Bg6 1/2-1/2

[Event "HUN-chT2 Breyer 1516"]
[Site "Hungary"]
[Date "2016.04.03"]
[Round "10.6"]
[White "Torok, Adam"]
[Black "Pal, Mihaly"]
[Result "0-1"]
[WhiteElo "2081"]
[BlackElo "2079"]
[PlyCount "198"]
[EventDate "2015.09.13"]
[EventType "team-tourn"]
[EventRounds "11"]
[EventCountry "HUN"]
[SourceTitle "EXT 2017"]
[Source "ChessBase"]
[SourceDate "2016.10.25"]
[SourceVersion "1"]
[SourceVersionDate "2016.10.25"]
[SourceQuality "1"]
[WhiteTeam "Vizugy"]
[BlackTeam "Sarkany DSE"]
[WhiteTeamCountry "HUN"]
[BlackTeamCountry "HUN"]

1. c4 e5 2. Nc3 Nf6 3. g3 Bb4 4. Nd5 Nxd5 5. cxd5 0-0 6. Bg2 c6 7. Qb3 a5 8. Nf3 d6 9. 0-0 cxd5 10. Qxd5 Bd7 11. d3 Bc6 12. Qb3 Qd7 13. a3 Bc5 14. Qc4 Rc8 15. Qh4 f6 16. Bh3 f5 17. Qc4+ Kh8 18. Ng5 h6 19. Nf7+ Kh7 20. Nxe5 dxe5 21. Qxc5 Bg2 22. Qxc8 Qxc8 23. Kxg2 Qc6+ 24. Kg1 Qf6 25. Bd2 Nc6 26. Bc3 Nd4 27. Bxd4 exd4 28. Rac1 Re8 29. Rc5 Re5 30. Rfc1 f4 31. Bg2 Rxc5 32. Rxc5 Qb6 33. Be4+ Kg8 34. Rc8+ Kf7 35. Bd5+ Kf6 36. b3 fxg3 37. hxg3 Qd6 38. Bxb7 Qxa3 39. Bd5 Ke5 40. Bc4 Qa1+ 41. Kg2 Qa3 42. Rc6 Kf5 43. Bd5 g5 44. Rxh6 Ke5 45. Bc4 Qb2 46. Re6+ Kf5 47. Kf3 g4+ 48. Kg2 Qc3 49. Re4 Qc2 50. Be6+ Kf6 51. Bc4 Qb2 52. Rxg4 Qxe2 53. Rxd4 Qc2 54. Rd5 Qc3 55. Rd8 Qc2 56. Rd4 Qc3 57. Re4 Qc2 58. g4 Qd2 59. Kg3 Qb4 60. f4 Qc5 61. g5+ Kg6 62. Re6+ Kg7 63. Re5 Qg1+ 64. Kf3 Qf1+ 65. Ke4 Qg2+ 66. Kd4 Qf2+ 67. Kd5 Qxf4 68. d4 Qf7+ 69. Kc6 Qf4 70. Rd5 Qe4 71. Kb6 Qe1 72. Ka6 Qd2 73. Rxa5 Qxd4 74. Rd5 Qa1+ 75. Kb5 Qa7 76. b4 Qb7+ 77. Ka4 Qa7+ 78. Kb3 Qe3+ 79. Bd3 Qe6 80. Kc4 Qc6+ 81. Rc5 Qe6+ 82. Kc3 Qe1+ 83. Kb3 Qd1+ 84. Kc4 Qg4+ 85. Kc3 Qd1 86. g6 Qe1+ 87. Kb3 Qd1+ 88. Bc2 Qf3+ 89. Ka2 Qa8+ 90. Kb2 Qa7 91. Bd3 Qb6 92. Rc4 Qd6 93. Kc3 Qe5+ 94. Kb3 Qd5 95. Kc2 Qg2+ 96. Kc3 Qa2 97. Rc7+ Kh6 98. g7 Qa3+ 99. Kc2 Qa4+ 0-1

[Event "HUN-chT2 Breyer 1516"]
[Site "Hungary"]
[Date "2015.10.18"]
[Round "3.8"]
[White "Laszlo, Imre"]
[Black "Pal, Mihaly"]
[Result "1/2-1/2"]
[WhiteElo "2109"]
[BlackElo "2056"]
[PlyCount "28"]
[EventDate "2015.09.13"]
[EventType "team-tourn"]
[EventRounds "11"]
[EventCountry "HUN"]
[SourceTitle "CBM 170 Extra"]
[Source "ChessBase"]
[SourceDate "2016.02.25"]
[SourceVersion "1"]
[SourceVersionDate "2016.02.25"]
[SourceQuality "1"]
[WhiteTeam "Naszaly Geniusz Tata"]
[BlackTeam "Sarkany DSE"]
[WhiteTeamCountry "HUN"]
[BlackTeamCountry "HUN"]

1. e4 c5 2. Nf3 d6 3. d4 cxd4 4. Nxd4 Nf6 5. Nc3 a6 6. Bg5 e5 7. Nb3 Be7 8. Qd2 Nbd7 9. f3 0-0 10. g4 b5 11. h4 Bb7 12. a3 Rc8 13. 0-0-0 Qc7 14. Rh2 Rfd8 1/2-1/2

[Event "HUN-chT2 Breyer 1415"]
[Site "Hungary"]
[Date "2015.04.26"]
[Round "11.7"]
[White "Szabo, Janos"]
[Black "Pal, Mihaly"]
[Result "1/2-1/2"]
[WhiteElo "2137"]
[BlackElo "2060"]
[PlyCount "79"]
[EventDate "2014.09.07"]
[EventType "team-tourn"]
[EventRounds "11"]
[EventCountry "HUN"]
[SourceTitle "EXT 2016"]
[Source "ChessBase"]
[SourceDate "2015.10.08"]
[SourceVersion "1"]
[SourceVersionDate "2015.10.08"]
[SourceQuality "1"]
[WhiteTeam "MAFC"]
[BlackTeam "Sarkany DSE"]
[WhiteTeamCountry "HUN"]
[BlackTeamCountry "HUN"]

1. e4 c5 2. Nf3 d6 3. Bb5+ Nc6 4. 0-0 e5 5. Re1 Be7 6. c3 Nf6 7. d4 exd4 8. cxd4 cxd4 9. Nxd4 Bd7 10. Nc3 0-0 11. h3 Re8 12. Be3 a6 13. Nxc6 Bxc6 14. Bxc6 bxc6 15. Qa4 Qc7 16. Rac1 Qb7 17. b3 Rac8 18. Qd4 Bf8 19. f3 d5 20. Bg5 Nd7 21. Na4 h6 22. Bh4 Qb4 23. Qa7 Ne5 24. Qxa6 d4 25. Red1 Ra8 26. Qe2 Rxa4 27. Be1 Qa3 28. bxa4 Qxa4 29. f4 Ng6 30. Qc4 Qxc4 31. Rxc4 Nxf4 32. Bd2 Nd3 33. Rxc6 Rxe4 34. a4 Nb2 35. Ra1 d3 36. a5 Rc4 37. Rxc4 Nxc4 38. Be1 d2 39. Bf2 Nxa5 40. Kf1 1/2-1/2

[Event "HUN-chT2 Breyer 1415"]
[Site "Hungary"]
[Date "2015.03.22"]
[Round "10.8"]
[White "Pal, Mihaly"]
[Black "Bohus, Adam"]
[Result "1/2-1/2"]
[WhiteElo "2060"]
[BlackElo "2002"]
[PlyCount "63"]
[EventDate "2014.09.07"]
[EventType "team-tourn"]
[EventRounds "11"]
[EventCountry "HUN"]
[SourceTitle "EXT 2016"]
[Source "ChessBase"]
[SourceDate "2015.10.08"]
[SourceVersion "1"]
[SourceVersionDate "2015.10.08"]
[SourceQuality "1"]
[WhiteTeam "Sarkany DSE"]
[BlackTeam "Geniusz Tata"]
[WhiteTeamCountry "HUN"]
[BlackTeamCountry "HUN"]

1. e4 e5 2. Nf3 Nc6 3. c3 d5 4. Qa4 dxe4 5. Nxe5 Qd5 6. Nxc6 bxc6 7. Bc4 Qd6 8. 0-0 Nf6 9. d3 exd3 10. Bf4 Qd7 11. Rd1 Bd6 12. Rxd3 0-0 13. Nd2 Ng4 14. Nf3 Rb8 15. h3 Nf6 16. b4 Qf5 17. Bxd6 cxd6 18. Rxd6 Ne4 19. Rd3 Qf6 20. Rc1 Qf4 21. Rc2 Nc5 22. Qxc6 Nxd3 23. Bxd3 Bb7 24. Qc4 Qxc4 25. Bxc4 Bxf3 26. gxf3 Rfc8 27. Bb3 Kf8 28. a3 Rb6 29. c4 Rg6+ 30. Kf1 Rf6 31. Kg2 Rg6+ 32. Kf1 1/2-1/2

[Event "HUN-chT2 Breyer 1415"]
[Site "Hungary"]
[Date "2014.12.14"]
[Round "?"]
[White "Pal, Mihaly"]
[Black "Medvegyne Balogh, Emese"]
[Result "0-1"]
[WhiteElo "2060"]
[BlackElo "2082"]
[PlyCount "92"]
[EventDate "2014.09.07"]
[EventType "team-tourn"]
[EventRounds "11"]
[EventCountry "HUN"]
[SourceTitle "EXT 2016"]
[Source "ChessBase"]
[SourceDate "2015.10.08"]
[SourceVersion "1"]
[SourceVersionDate "2015.10.08"]
[SourceQuality "1"]
[WhiteTeam "Sarkany DSE"]
[BlackTeam "Hobagoly"]
[WhiteTeamCountry "HUN"]
[BlackTeamCountry "HUN"]

1. e4 d5 2. exd5 Qxd5 3. Nc3 Qd6 4. d4 Nf6 5. Bd3 c6 6. Nge2 Bg4 7. f3 Bh5 8. Bf4 Qd8 9. 0-0 e6 10. a3 Bd6 11. Bg5 Qc7 12. g3 Nbd7 13. b4 0-0 14. Ne4 Nxe4 15. fxe4 f6 16. Be3 a5 17. c4 axb4 18. c5 Bxg3 19. hxg3 Bxe2 20. Qxe2 Qxg3+ 21. Kh1 Rxa3 22. Rxa3 bxa3 23. Qf2 Qh3+ 24. Kg1 f5 25. exf5 exf5 26. Bc4+ Kh8 27. Qf3 Qh4 28. Qf4 Qe7 29. Bf2 Nf6 30. Qxf5 Nd5 31. Qe5 Qd7 32. Bg3 Rxf1+ 33. Kxf1 Qf7+ 34. Kg1 h5 35. Be1 Qf3 36. Qe8+ Kh7 37. Be2 Qf5 38. Qa8 Nf4 39. Bf3 Qe6 40. Bd2 a2 41. Qa4 Qg6+ 42. Kf2 Nh3+ 43. Ke2 Ng1+ 44. Ke3 Nxf3 45. Kxf3 Qd3+ 46. Be3 Qb1 0-1

[Event "Budapest-chT1 Lilienthal 1314"]
[Site "Budapest"]
[Date "2013.12.15"]
[Round "5"]
[White "Pal, Mihaly"]
[Black "Katona, Jozsef3333"]
[Result "1/2-1/2"]
[WhiteElo "2055"]
[BlackElo "1952"]
[PlyCount "42"]
[EventDate "2013.09.29"]
[EventType "team-tourn"]
[EventRounds "11"]
[EventCountry "HUN"]
[SourceTitle "EXT 2021"]
[Source "ChessBase"]
[SourceDate "2020.10.23"]
[SourceVersion "1"]
[SourceVersionDate "2020.10.23"]
[SourceQuality "1"]
[WhiteTeam "Sarkany II"]
[BlackTeam "Budapest Vasas II"]
[WhiteTeamCountry "HUN"]
[BlackTeamCountry "HUN"]

1. e4 g6 2. d4 Bg7 3. c4 d6 4. Nc3 Nd7 5. f4 e5 6. fxe5 dxe5 7. dxe5 Nxe5 8. Qxd8+ Kxd8 9. Bg5+ f6 10. 0-0-0+ Bd7 11. Bh4 c6 12. Nf3 Kc7 13. Bg3 Nh6 14. Nxe5 fxe5 15. b3 Nf7 16. Be2 Rhf8 17. h4 Be6 18. c5 b6 19. Bf2 Nd8 20. Be3 Nb7 21. b4 Bf6 1/2-1/2

[Event "HUN-chT2 Maroczy 1213"]
[Site "Hungary"]
[Date "2013.04.07"]
[Round "10"]
[White "Pal, Mihaly"]
[Black "Uj, Imre Attila"]
[Result "1/2-1/2"]
[WhiteElo "2027"]
[BlackElo "2058"]
[PlyCount "29"]
[EventDate "2012.09.16"]
[EventType "team-tourn"]
[EventRounds "11"]
[EventCountry "HUN"]
[SourceTitle "EXT 2014"]
[Source "ChessBase"]
[SourceDate "2013.11.20"]
[SourceVersion "1"]
[SourceVersionDate "2013.11.20"]
[SourceQuality "1"]
[WhiteTeam "Taban Spartacus"]
[BlackTeam "Debrecen"]
[WhiteTeamCountry "HUN"]
[BlackTeamCountry "HUN"]

1. e4 e6 2. c4 d5 3. cxd5 exd5 4. exd5 Nf6 5. Bb5+ Nbd7 6. Nc3 a6 7. Bxd7+ Qxd7 8. Nf3 Nxd5 9. 0-0 Nxc3 10. bxc3 Be7 11. Re1 0-0 12. Ne5 Qe6 13. d4 Re8 14. d5 Qf6 15. Qa4 1/2-1/2

[Event "HUN-chT2 Maroczy 1213"]
[Site "Hungary"]
[Date "2012.11.04"]
[Round "3"]
[White "Egri, Laszlo Jr"]
[Black "Pal, Mihaly"]
[Result "0-1"]
[WhiteElo "2127"]
[BlackElo "2027"]
[PlyCount "72"]
[EventDate "2012.09.16"]
[EventType "team-tourn"]
[EventRounds "11"]
[EventCountry "HUN"]
[SourceTitle "EXT 2014"]
[Source "ChessBase"]
[SourceDate "2013.11.20"]
[SourceVersion "1"]
[SourceVersionDate "2013.11.20"]
[SourceQuality "1"]
[WhiteTeam "Taban Spartacus"]
[BlackTeam "Kisujszallas"]
[WhiteTeamCountry "HUN"]
[BlackTeamCountry "HUN"]

1. e4 c5 2. Nc3 Nc6 3. g3 e5 4. Bg2 Nf6 5. d3 d6 6. Nge2 Be7 7. 0-0 0-0 8. h3 Be6 9. f4 exf4 10. gxf4 Qb6 11. Be3 Nd4 12. Nxd4 cxd4 13. Bf2 Qxb2 14. Bxd4 Qb4 15. Ne2 Qa4 16. Qd2 Rac8 17. c4 b5 18. c5 dxc5 19. Bxf6 gxf6 20. f5 Bd7 21. Qh6 Kh8 22. e5 Qa6 23. Nc3 Rg8 24. Ne4 Bc6 25. Rae1 c4 26. dxc4 bxc4 27. e6 Qxa2 28. Rf2 Qa5 29. Re3 fxe6 30. Nxf6 Qa1+ 31. Kh2 Qxf6 32. Qxf6+ Bxf6 33. fxe6 Rxg2+ 34. Rxg2 Bxg2 35. Kxg2 c3 36. e7 Bxe7 0-1

[Event "HUN-chT2 Maroczy 1112"]
[Site "Hungary"]
[Date "2012.05.06"]
[Round "10"]
[White "Pal, Mihaly"]
[Black "Kende, Gyorgy"]
[Result "1-0"]
[WhiteElo "2028"]
[BlackElo "2248"]
[PlyCount "53"]
[EventDate "2011.09.25"]
[EventType "team-tourn"]
[EventRounds "11"]
[EventCountry "HUN"]
[SourceTitle "EXT 2013"]
[Source "ChessBase"]
[SourceDate "2012.11.22"]
[SourceVersion "1"]
[SourceVersionDate "2012.11.22"]
[SourceQuality "1"]
[WhiteTeam "Taban Spartacus"]
[BlackTeam "Dunaharaszti"]
[WhiteTeamCountry "HUN"]
[BlackTeamCountry "HUN"]

1. e4 g6 2. d4 Bg7 3. c4 d6 4. Nc3 Nf6 5. Nf3 0-0 6. Be2 Nbd7 7. 0-0 e5 8. dxe5 dxe5 9. Bg5 h6 10. Bh4 c6 11. Qd6 Re8 12. Rad1 Qb6 13. Rd2 Bf8 14. Qd3 Nc5 15. Qc2 Nh5 16. Rfd1 Bg4 17. h3 Bxf3 18. Bxf3 Nf4 19. Ne2 Nxe2+ 20. Bxe2 Ne6 21. Rd7 Nd4 22. Qd2 Bb4 23. Qe3 Bc5 24. R1xd4 exd4 25. Qf4 Be7 26. Bxe7 d3 27. Bc5 1-0

[Event "Budapest-chT1 Lilienthal 1112"]
[Site "Budapest"]
[Date "2012.04.29"]
[Round "11"]
[White "Toth Katona, Tibor"]
[Black "Pal, Mihaly"]
[Result "1/2-1/2"]
[WhiteElo "1810"]
[BlackElo "2028"]
[PlyCount "90"]
[EventDate "2011.10.02"]
[EventType "team-tourn"]
[EventRounds "11"]
[EventCountry "HUN"]
[SourceTitle "EXT 2020"]
[Source "ChessBase"]
[SourceDate "2019.10.17"]
[SourceVersion "1"]
[SourceVersionDate "2019.10.17"]
[SourceQuality "1"]
[WhiteTeam "Vizugy II"]
[BlackTeam "Taban Spartacus II"]
[WhiteTeamCountry "HUN"]
[BlackTeamCountry "HUN"]

1. e4 c5 2. Nf3 d6 3. d4 cxd4 4. Nxd4 Nf6 5. Nc3 a6 6. Be3 e5 7. Nb3 Be6 8. f3 Be7 9. Qd2 0-0 10. 0-0-0 b5 11. g4 b4 12. Nd5 Bxd5 13. exd5 a5 14. Kb1 Nbd7 15. g5 Nh5 16. Rg1 Nb6 17. Qf2 Nd7 18. Bd3 g6 19. h4 a4 20. Nd2 f5 21. f4 Nxf4 22. Bxf4 exf4 23. Qxf4 Qa5 24. Nc4 Qc5 25. Rge1 Rae8 26. Be2 Ne5 27. Bf1 Bd8 28. Qe3 Qxe3 29. Rxe3 Nxc4 30. Rxe8 Rxe8 31. Bxc4 Re4 32. Bb5 Rxh4 33. Bxa4 Bxg5 34. Bd7 f4 35. Rf1 Bh6 36. c3 bxc3 37. bxc3 g5 38. a4 g4 39. Kc2 f3 40. Kd3 g3 41. Rxf3 Bf4 42. Rf1 Be5 43. a5 Rh2 44. Ra1 Rf2 45. a6 Rf3+ 1/2-1/2

[Event "HUN-chT2 Maroczy 1112"]
[Site "Hungary"]
[Date "2012.01.29"]
[Round "5"]
[White "Pal, Mihaly"]
[Black "Gal, Hanna Krisztina"]
[Result "0-1"]
[WhiteElo "2028"]
[BlackElo "1924"]
[PlyCount "68"]
[EventDate "2011.09.25"]
[EventType "team-tourn"]
[EventRounds "11"]
[EventCountry "HUN"]
[SourceTitle "EXT 2013"]
[Source "ChessBase"]
[SourceDate "2012.11.22"]
[SourceVersion "1"]
[SourceVersionDate "2012.11.22"]
[SourceQuality "1"]
[WhiteTeam "Taban Spartacus"]
[BlackTeam "Hajduszoboszlo"]
[WhiteTeamCountry "HUN"]
[BlackTeamCountry "HUN"]

1. e4 c5 2. c3 e6 3. d4 d5 4. e5 Nc6 5. Nf3 Bd7 6. Be2 Nge7 7. 0-0 Nf5 8. dxc5 Bxc5 9. b4 Bb6 10. b5 Na5 11. Nd4 Ne7 12. Bg5 h6 13. Bh4 Rc8 14. a4 Nc4 15. Bxc4 Rxc4 16. Qd3 Qc7 17. f4 g5 18. fxg5 hxg5 19. Bxg5 Qxe5 20. Bf6 Qxh2+ 21. Kf2 Rg8 22. Qf3 Nf5 23. Nd2 Rg3 24. Rh1 Rxf3+ 25. N2xf3 Qg3+ 26. Kg1 Bxd4+ 27. cxd4 Ne7 28. Rh8+ Ng8 29. Ng5 Qe3+ 30. Kh1 Rc1+ 31. Rxc1 Qxc1+ 32. Kh2 Qf4+ 33. Kg1 Qxf6 34. Rxg8+ Ke7 0-1

[Event "Budapest-chT1 Lilienthal 1112"]
[Site "Budapest"]
[Date "2011.11.20"]
[Round "3"]
[White "Domschitz, Lajos"]
[Black "Pal, Mihaly"]
[Result "1-0"]
[WhiteElo "2013"]
[BlackElo "2028"]
[PlyCount "85"]
[EventDate "2011.10.02"]
[EventType "team-tourn"]
[EventRounds "11"]
[EventCountry "HUN"]
[SourceTitle "EXT 2020"]
[Source "ChessBase"]
[SourceDate "2019.10.17"]
[SourceVersion "1"]
[SourceVersionDate "2019.10.17"]
[SourceQuality "1"]
[WhiteTeam "Penzugyor III"]
[BlackTeam "Taban Spartacus II"]
[WhiteTeamCountry "HUN"]
[BlackTeamCountry "HUN"]

1. e4 c5 2. Nf3 d6 3. Nc3 Nc6 4. Bb5 Bd7 5. d3 e5 6. 0-0 Nf6 7. Bxc6 bxc6 8. Ne2 Be7 9. Ng3 0-0 10. c3 Bg4 11. h3 Bxf3 12. Qxf3 d5 13. Nf5 Rb8 14. b3 Kh8 15. Bg5 h6 16. Bh4 d4 17. cxd4 cxd4 18. Rac1 Rc8 19. Rc2 Ng8 20. Qg4 Bg5 21. Qg3 g6 22. Qxe5+ f6 23. Bxg5 hxg5 24. Qe6 gxf5 25. Qxf5 Ne7 26. Qg4 Ng6 27. g3 Ne5 28. Qh5+ Kg7 29. f4 Rh8 30. Qe2 Nf7 31. e5 Rxh3 32. Qg4 Rh8 33. fxg5 fxg5 34. Qe6 Rc7 35. Rcf2 Rf8 36. Qf5 Re8 37. e6 Nh6 38. Qe5+ Kg8 39. Rf6 Kh7 40. Qe4+ Kg8 41. Qg6+ Kh8 42. Qxh6+ Rh7 43. Rf8+ 1-0

[Event "Budapest-chT1 Lilienthal 1112"]
[Site "Budapest"]
[Date "2011.10.16"]
[Round "2"]
[White "Pongo, Istvan"]
[Black "Pal, Mihaly"]
[Result "0-1"]
[WhiteElo "1874"]
[BlackElo "2028"]
[PlyCount "58"]
[EventDate "2011.10.02"]
[EventType "team-tourn"]
[EventRounds "11"]
[EventCountry "HUN"]
[SourceTitle "EXT 2020"]
[Source "ChessBase"]
[SourceDate "2019.10.17"]
[SourceVersion "1"]
[SourceVersionDate "2019.10.17"]
[SourceQuality "1"]
[WhiteTeam "REAC SISE"]
[BlackTeam "Taban Spartacus II"]
[WhiteTeamCountry "HUN"]
[BlackTeamCountry "HUN"]

1. Nf3 c5 2. e4 d6 3. Bb5+ Nc6 4. d4 cxd4 5. Nxd4 Bd7 6. Nc3 g6 7. Be3 Bg7 8. 0-0 Nf6 9. f4 Ng4 10. Nxc6 bxc6 11. Bd4 e5 12. fxe5 dxe5 13. Bc4 exd4 14. Bxf7+ Ke7 15. Na4 Ne3 16. Qd2 Nxf1 17. Rxf1 Bf6 18. Bb3 c5 19. Qf4 Rf8 20. Qh6 Kd6 21. Qxh7 Be5 22. Bf7 Bxa4 23. Qxg6+ Kc7 24. Qa6 Bc6 25. b4 Qh4 26. h3 Qxe4 27. Qa5+ Kd7 28. Rf3 Qe1+ 29. Rf1 Qe3+ 0-1

[Event "Budapest-chT1 Lilienthal 1011"]
[Site "Budapest"]
[Date "2011.03.06"]
[Round "10"]
[White "Pal, Mihaly"]
[Black "D Albini, Geza"]
[Result "1/2-1/2"]
[WhiteElo "2058"]
[BlackElo "2080"]
[PlyCount "42"]
[EventDate "2010.09.19"]
[EventType "team-tourn"]
[EventRounds "11"]
[EventCountry "HUN"]
[SourceTitle "EXT 2020"]
[Source "ChessBase"]
[SourceDate "2019.10.17"]
[SourceVersion "1"]
[SourceVersionDate "2019.10.17"]
[SourceQuality "1"]
[WhiteTeam "Taban Spartacus II"]
[BlackTeam "Vizugy II"]
[WhiteTeamCountry "HUN"]
[BlackTeamCountry "HUN"]

1. e4 c5 2. c3 e6 3. d4 cxd4 4. cxd4 Nf6 5. e5 Nd5 6. Nc3 Nxc3 7. bxc3 d6 8. Nf3 dxe5 9. Nxe5 Bd6 10. Bb5+ Bd7 11. Nxd7 Nxd7 12. Qg4 Kf8 13. 0-0 Nf6 14. Qf3 Qc7 15. h3 Rc8 16. Bd2 a6 17. Ba4 b5 18. Bb3 Qc6 19. Qd3 Qe4 20. Bc2 Qxd3 21. Bxd3 Nd5 1/2-1/2